Normal view
MARC view
- Portny, Jonathan L
Entry Personal Name
001 - CONTROL NUMBER
- control field: 99914
003 - CONTROL NUMBER IDENTIFIER
- control field: NUST
005 - DATE AND TIME OF LATEST TRANSACTION
- control field: 20221011150801.0
008 - FIXED-LENGTH DATA ELEMENTS
- fixed length control field: 221011|| aca||aabn | a|a d
040 ## - CATALOGING SOURCE
- Original cataloging agency: NUST
- Transcribing agency: NUST
100 ## - HEADING--PERSONAL NAME
- Personal name: Portny, Jonathan L
670 ## - SOURCE DATA FOUND
- Source citation: Work cat.: (NUST): Portny, Jonathan L, Project Management for Dummies, 2022.
